[Event "Sygnity Ekstraliga 2016"]
[Site "Gorzow Wlkp. - Wroclaw - Katowice"]
[Date "1899-12-30"]
[Round "6.21"]
[White "Weichhold, Pawel"]
[Black "Skawinski, Arkadiusz"]
[Result "1/2-1/2"]
[WhiteTitle "IM"]
[BlackTitle "FM"]
[WhiteElo "2395"]
[BlackElo "2367"]

1. e4 e6 2. d4 d5 3. Nc3 Bb4 4. e5 c5 5. Bd2 Ne7 6. a3 Bxc3 7. Bxc3 b6 8. Bb5+
Nec6 9. Nf3 Ba6 10. a4 O-O 11. O-O Qc8 12. Qe2 Ne7 13. Ra3 Bb7 14. Bd3 h6 15.
Qd1 Ba6 16. Re1 Bxd3 17. Qxd3 Qa6 18. Qb5 cxd4 19. Nxd4 Rc8 20. Rea1 Nec6 21.
Nf3 Qb7 22. a5 Nd7 23. axb6 axb6 24. h3 Rxa3 25. Rxa3 Ra8 26. Rxa8+ Qxa8 27. b3
Qb7 28. Bb2 Qc7 29. c4 Na7 30. Qb4 dxc4 31. bxc4 Nc5 32. Qd2 Nc6 33. Qe3 Na5 34.
Nd2 Na4 35. Bd4 Nxc4 36. Nxc4 Qxc4 37. Bxb6 Nxb6 38. Qxb6 Qc1+ 39. Kh2 Qf4+ 40.
Kg1 Qc1+ 41. Kh2 Qf4+ 42. Kg1 Qxe5 43. Qd8+ Kh7 44. Qd3+ f5 45. Qd2 Qe4 46. f4
Kg6 47. Kh2 Qd5 48. Qe3 Qd6 49. Kh1 Kf6 50. Qc3+ Kf7 51. Qe3 Qd8 52. g3 g5 53.
Kh2 Qf6 54. Qd2 Qe7 55. Qc1 Kg6 56. Qc6 Kf7 57. Kg2 Qa7 58. Qc8 Qa2+ 59. Kg1 Qd5
60. Qc3 Kg6 61. Qc8 gxf4 62. Qg8+ Kf6 63. Qh8+ Ke7 64. gxf4 h5 65. Qg7+ Kd6 66.
Qf8+ Kc6 67. Qe8+ Kc5 68. Qc8+ Kd4 69. Kf2 h4 70. Qc2 Qc5 71. Qb1 Kd5+ 72. Kf3
Qc3+ 73. Ke2 Qc4+ 74. Kf3 Kc5 75. Qb8 Qd3+ 76. Kf2 Qd4+ 77. Kf3 Qc3+ 78. Kf2 Qg3+
79. Ke2 Qg2+ 80. Ke1 Kc4 81. Qc7+ Kd3 82. Qd6+ Ke3 83. Qxe6+ Kxf4 84. Qd6+ Ke3
85. Qa3+ Kf4 86. Qd6+ Kf3 87. Qd3+ 1/2-1/2

[Event "Sygnity Ekstraliga 2016"]
[Site "Gorzow Wlkp. - Wroclaw - Katowice"]
[Date "1899-12-30"]
[Round "6.22"]
[White "Plichta, Kamil"]
[Black "Jakubiec, Artur"]
[Result "1/2-1/2"]
[WhiteTitle "FM"]
[BlackTitle "GM"]
[WhiteElo "2336"]
[BlackElo "2515"]

1. d4 d6 2. e4 Nf6 3. Nc3 c6 4. f4 Qb6 5. Be2 e5 6. Nf3 exd4 7. Nxd4 Be7 8. O-O
O-O 9. Kh1 Re8 10. e5 Nd5 11. Bc4 Qc5 12. Bxd5 cxd5 13. Nb3 Qc6 14. Nxd5 Bd8 15.
exd6 b6 16. Re1 Rxe1+ 17. Qxe1 Bb7 18. Bd2 Na6 19. Bc3 Kf8 20. Rd1 Nc5 21. Nxc5
bxc5 22. Qg3 f6 23. f5 Qd7 24. Ne3 Bb6 25. Nc4 Re8 26. Re1 Re4 27. h3 Qxf5 28.
Rxe4 Bxe4 29. Kh2 Qe6 30. Nxb6 axb6 31. d7 Qxd7 32. Qb8+ Kf7 33. Qxb6 Qd5 34.
Qc7+ Kf8 35. Qb8+ Kf7 36. Qc7+ Kf8 37. Qg3 Bxc2 38. Qb8+ Kf7 39. Qc7+ Kg6 40.
Qg3+ Kf7 41. Qc7+ Kg6 42. Qg3+ 1/2-1/2

[Event "Sygnity Ekstraliga 2016"]
[Site "Gorzow Wlkp. - Wroclaw - Katowice"]
[Date "1899-12-30"]
[Round "6.23"]
[White "Pakleza, Zbigniew"]
[Black "Brodowski, Piotr"]
[Result "1-0"]
[WhiteTitle "GM"]
[BlackTitle "m"]
[WhiteElo "2506"]
[BlackElo "2453"]

1. d4 Nf6 2. Bf4 c5 3. e3 g6 4. c3 d6 5. dxc5 dxc5 6. Qxd8+ Kxd8 7. Bc4 Ke8 8.
a4 Nc6 9. a5 Nh5 10. Nf3 Nxf4 11. exf4 Bg7 12. Ng5 Nd8 13. Na3 Bd7 14. O-O-O Bh6
15. g3 Bxg5 16. fxg5 Be6 17. Bb5+ Kf8 18. h4 Kg7 19. Rhe1 Rc8 20. Bd7 Rc7 21.
Bxe6 Nxe6 22. Nb5 Rc6 23. Rd7 Ra6 24. Rxe7 Rxa5 25. Nd6 Ra1+ 26. Kd2 Rxe1 27.
Rxf7+ 1-0

[Event "Sygnity Ekstraliga 2016"]
[Site "Gorzow Wlkp. - Wroclaw - Katowice"]
[Date "1899-12-30"]
[Round "6.26"]
[White "Areshchenko, Alexander"]
[Black "Sliwerski, Radoslaw"]
[Result "1-0"]
[WhiteTitle "GM"]
[BlackTitle "k++"]
[WhiteElo "2654"]
[BlackElo "2089"]

1. e4 c5 2. Nf3 d6 3. d4 cxd4 4. Nxd4 Nf6 5. Nc3 a6 6. Be3 e5 7. Nb3 Be6 8. h3
b5 9. a4 b4 10. Nd5 Nxd5 11. exd5 Bf5 12. g4 Be4 13. f3 Bg6 14. h4 h6 15. h5 Bh7
16. Bd3 Bxd3 17. Qxd3 Be7 18. Nd2 Bh4+ 19. Ke2 Bg5 20. Bxg5 Qxg5 21. Ne4 Qd8 22.
Rhg1 Ra7 23. g5 hxg5 24. Rxg5 f6 25. Rg6 Kf8 26. Rag1 Rxh5 27. Nxf6 Rh2+ 28. Kd1
Rc7 29. Ne4 Rhxc2 30. Qxc2 Rxc2 31. Rxg7 1-0

[Event "Sygnity Ekstraliga 2016"]
[Site "Gorzow Wlkp. - Wroclaw - Katowice"]
[Date "1899-12-30"]
[Round "6.27"]
[White "Cyborowski, Lukasz"]
[Black "Miton, Kamil"]
[Result "1/2-1/2"]
[WhiteTitle "GM"]
[BlackTitle "GM"]
[WhiteElo "2518"]
[BlackElo "2614"]

1. c4 c6 2. d4 d5 3. Nf3 Nf6 4. Nbd2 g6 5. b3 Bg7 6. Bb2 O-O 7. e3 Bf5 8. Be2 Nbd7
9. Nh4 Be6 10. O-O Ne4 11. Qc2 Nxd2 12. Qxd2 Nf6 13. Nf3 a5 14. Bd3 Bf5 15. Bxf5
gxf5 16. Qc2 e6 17. Ne5 Ng4 18. cxd5 Nxe5 19. dxe5 cxd5 20. Rfc1 Qb8 21. f4 Rc8
22. Qxc8+ Qxc8 23. Rxc8+ Rxc8 24. Rc1 Rxc1+ 25. Bxc1 Bf8 26. Bb2 Bc5 27. Kf2 Kf8
28. h3 h5 29. a4 b6 30. Kf3 Kg7 31. Bc3 Kf8 1/2-1/2

[Event "Sygnity Ekstraliga 2016"]
[Site "Gorzow Wlkp. - Wroclaw - Katowice"]
[Date "1899-12-30"]
[Round "6.28"]
[White "Gajewski, Grzegorz"]
[Black "Nurkiewicz, Maciej"]
[Result "1/2-1/2"]
[WhiteTitle "GM"]
[BlackTitle "m"]
[WhiteElo "2610"]
[BlackElo "2378"]

1. c4 e6 2. Nf3 d5 3. d4 c6 4. g3 Nf6 5. Bg2 Bb4+ 6. Nc3 dxc4 7. O-O O-O 8. Bg5
h6 9. Bxf6 Qxf6 10. Ne5 Bxc3 11. bxc3 Nd7 12. Nxc4 e5 13. e4 c5 14. f4 exd4 15.
e5 Qe7 16. cxd4 cxd4 17. Nd6 Nxe5 18. fxe5 Qxe5 19. Nc4 Qc5 20. Nb2 Be6 21. Nd3
Qd6 22. Bxb7 Rab8 23. Bg2 Rfc8 24. Qd2 Rc3 25. Nf4 Bc4 26. Rfd1 Rd8 27. Qxc3 dxc3
28. Rxd6 Rxd6 29. Rc1 Bxa2 30. Rxc3 Ra6 31. Nd5 Ra5 32. Ne7+ Kh7 33. Be4+ g6 34.
Rc7 Kh8 35. Nc6 Ra4 36. Rxa7 Rxa7 37. Nxa7 f5 38. Bd3 Kg7 39. Kf2 Kf6 40. Ke3
g5 41. Nb5 Ke5 42. Nc3 f4+ 43. Kf3 Bf7 44. Ne2 fxg3 45. Nxg3 h5 46. Ke3 h4 47.
Ne4 g4 48. Nd2 Bd5 49. Be2 Be6 50. Bf1 Bd5 51. Be2 Be6 52. Bc4 g3 53. Nf3+ Kf6
54. Bxe6 gxh2 55. Nxh2 Kxe6 1/2-1/2

[Event "Sygnity Ekstraliga 2016"]
[Site "Gorzow Wlkp. - Wroclaw - Katowice"]
[Date "1899-12-30"]
[Round "6.29"]
[White "Protaziuk, Grzegorz"]
[Black "Socko, Bartosz"]
[Result "0-1"]
[WhiteTitle "m"]
[BlackTitle "GM"]
[WhiteElo "2344"]
[BlackElo "2594"]

1. d4 Nf6 2. Nf3 g6 3. Bf4 Bg7 4. e3 d6 5. h3 O-O 6. Be2 Nc6 7. O-O Re8 8. Bh2
Bf5 9. c3 e5 10. dxe5 Nxe5 11. Na3 Qe7 12. Nxe5 dxe5 13. Nc4 Nd7 14. Bg4 Bxg4
15. Qxg4 f5 16. Qd1 Qe6 17. Nd2 Rad8 18. Qc2 Nc5 19. Rfd1 Qa6 20. Nf3 e4 21. Rxd8
Rxd8 22. Nd4 Qd3 23. Qxd3 Nxd3 24. Bxc7 Rc8 25. Bg3 Bxd4 26. cxd4 Kf7 27. f3 Ke6
28. fxe4 fxe4 29. Rf1 b5 30. d5+ Kxd5 31. Rf7 Nxb2 32. Rd7+ Kc4 33. Rxa7 Kd3 34.
Bf4 Nd1 35. Rd7+ Ke2 36. Rd4 Rc4 37. Rd5 Nxe3 38. Bxe3 Kxe3 39. Rxb5 Rc1+ 40.
Kh2 Kf2 41. Rb2+ Kf1 42. Kg3 Rc3+ 43. Kf4 e3 44. Rb1+ Kf2 45. Rb2+ e2 0-1

[Event "Sygnity Ekstraliga 2016"]
[Site "Gorzow Wlkp. - Wroclaw - Katowice"]
[Date "1899-12-30"]
[Round "7.1"]
[White "Wojtaszek, Radoslaw"]
[Black "Bartel, Mateusz"]
[Result "1/2-1/2"]
[WhiteTitle "GM"]
[BlackTitle "GM"]
[WhiteElo "2729"]
[BlackElo "2640"]

1. d4 e6 2. Nf3 c5 3. c4 cxd4 4. Nxd4 Nf6 5. Nc3 a6 6. e4 Qc7 7. Be3 Bb4 8. Bd3
Nc6 9. Nxc6 bxc6 10. O-O O-O 11. c5 d5 12. cxd6 Bxd6 13. h3 c5 14. Rc1 Bb7 15.
Qe2 Rfc8 16. b3 Bh2+ 17. Kh1 Be5 18. Na4 Nxe4 19. Bxe4 Bxe4 20. Rxc5 Qb7 21. f3
Bd5 22. Nb6 Rxc5 23. Bxc5 Bd6 24. Qe3 Rb8 25. Rc1 Bc7 26. Nxd5 Qxd5 27. Qe4 Qxe4
28. fxe4 Bg3 29. Kg1 Rc8 30. Rc4 f5 31. Kf1 Kf7 32. Ke2 g5 33. b4 h5 34. Rd4 a5
35. Rd7+ Kg6 36. a3 axb4 37. axb4 g4 38. Kd3 h4 39. Bd4 e5 40. exf5+ Kxf5 41.
Bc5 gxh3 42. gxh3 Bf4 43. Rf7+ Ke6 44. Re7+ Kd5 45. Rd7+ Ke6 46. Re7+ 1/2-1/2

[Event "Sygnity Ekstraliga 2016"]
[Site "Gorzow Wlkp. - Wroclaw - Katowice"]
[Date "1899-12-30"]
[Round "7.2"]
[White "Sadzikowski, Daniel"]
[Black "Areshchenko, Alexander"]
[Result "1/2-1/2"]
[WhiteTitle "IM"]
[BlackTitle "GM"]
[WhiteElo "2548"]
[BlackElo "2654"]

1. d4 Nf6 2. c4 g6 3. Nc3 d5 4. cxd5 Nxd5 5. e4 Nxc3 6. bxc3 Bg7 7. Nf3 c5 8. Rb1
O-O 9. Be2 cxd4 10. cxd4 Qa5+ 11. Bd2 Qxa2 12. O-O Bg4 13. Bg5 h6 14. Be3 Nc6
15. d5 Ne5 16. Re1 Nxf3+ 17. Bxf3 Bxf3 18. gxf3 Qa6 19. Qd2 Rfc8 20. Rec1 g5 21.
Qb4 Qe2 22. Rxc8+ Rxc8 23. Qxb7 Rc3 24. Qxe7 Qxf3 25. Bxa7 Qg4+ 26. Kf1 Rd3 27.
Qe8+ Kh7 28. Re1 Qh3+ 29. Kg1 Qg4+ 30. Kf1 Qf3 31. Kg1 Bc3 32. Rb1 Qg4+ 33. Kf1
Qh3+ 34. Kg1 Qg4+ 35. Kf1 Qh3+ 36. Kg1 Qg4+ 1/2-1/2

[Event "Sygnity Ekstraliga 2016"]
[Site "Gorzow Wlkp. - Wroclaw - Katowice"]
[Date "1899-12-30"]
[Round "7.3"]
[White "Miton, Kamil"]
[Black "Mastrovasilis, Dimitrios"]
[Result "1/2-1/2"]
[WhiteTitle "GM"]
[BlackTitle "GM"]
[WhiteElo "2614"]
[BlackElo "2606"]

1. e4 c5 2. Nf3 e6 3. g3 Nc6 4. Bg2 Nf6 5. Qe2 d5 6. exd5 Nxd5 7. O-O Be7 8. Rd1
Qb6 9. c3 Bd7 10. Na3 O-O 11. Nc4 Qc7 12. Nce5 Nxe5 13. Nxe5 Be8 14. c4 Nb4 15.
d4 cxd4 16. Bf4 g5 17. Bd2 Nc6 18. Nf3 f6 19. Qxe6+ Bf7 20. Qg4 Qc8 21. Qe4 Bg6
22. Qd5+ Bf7 23. Qe4 Bg6 24. Qd5+ Bf7 25. Qe4 Bg6 1/2-1/2

[Event "Sygnity Ekstraliga 2016"]
[Site "Gorzow Wlkp. - Wroclaw - Katowice"]
[Date "1899-12-30"]
[Round "7.4"]
[White "Wieczorek, Oskar"]
[Black "Gajewski, Grzegorz"]
[Result "1/2-1/2"]
[WhiteTitle "IM"]
[BlackTitle "GM"]
[WhiteElo "2432"]
[BlackElo "2610"]

1. e4 e5 2. Nf3 Nc6 3. Bb5 a6 4. Ba4 d6 5. c3 Bd7 6. d4 g6 7. O-O Bg7 8. d5 Nce7
9. Bxd7+ Qxd7 10. c4 h6 11. Nc3 f5 12. Qd3 Nf6 13. Nd2 O-O 14. f3 c6 15. Nb3 cxd5
16. cxd5 b5 17. Be3 fxe4 18. fxe4 Ng4 19. Rxf8+ Rxf8 20. h3 Nxe3 21. Qxe3 g5 22.
Rf1 Rxf1+ 23. Kxf1 Ng6 24. Ne2 Nf4 25. Na5 g4 26. hxg4 Qxg4 27. Qf3 Qg5 28. Nc6
h5 29. b3 Nxe2 30. Kxe2 Bh6 31. Qh3 Qd2+ 32. Kf1 Qd1+ 33. Kf2 Qd2+ 1/2-1/2

[Event "Sygnity Ekstraliga 2016"]
[Site "Gorzow Wlkp. - Wroclaw - Katowice"]
[Date "1899-12-30"]
[Round "7.5"]
[White "Socko, Bartosz"]
[Black "Stachowiak, Kamil"]
[Result "1-0"]
[WhiteTitle "GM"]
[BlackTitle "IM"]
[WhiteElo "2594"]
[BlackElo "2410"]

1. d4 d5 2. c4 c6 3. e3 Nf6 4. Nf3 e6 5. Nbd2 Nbd7 6. Bd3 Bd6 7. O-O O-O 8. e4
dxe4 9. Nxe4 Nxe4 10. Bxe4 h6 11. Bc2 e5 12. Qd3 f5 13. c5 Bc7 14. dxe5 Nxe5 15.
Qb3+ Kh8 16. Re1 Qf6 17. Bf4 Nxf3+ 18. Qxf3 Bxf4 19. Qxf4 Be6 20. Re5 Rad8 21.
Rae1 Bc8 22. b4 Qg5 23. Qxg5 hxg5 24. Bb3 Kh7 25. Re7 Rd4 26. Rc7 Rfd8 27. f3
R4d7 28. Rxc8 Rxc8 29. Be6 Rcd8 30. Bxf5+ Kg8 31. Bxd7 Rxd7 32. Kf2 Kf7 33. Ke3
Kf6 34. Re2 Rd1 35. Rd2 Rb1 36. a3 a5 37. bxa5 Rb3+ 38. Rd3 Rb5 39. Rd6+ Ke5 40.
a6 bxa6 41. Rxc6 Rb3+ 42. Kf2 Rxa3 43. Rg6 Kf4 44. g3+ Kf5 45. Rxg7 Ra2+ 46. Kg1
Rc2 47. Ra7 g4 48. fxg4+ Kxg4 49. Rxa6 Rc1+ 50. Kf2 Rc2+ 51. Ke3 Rxc5 52. Rg6+
Kf5 53. Rh6 Kg5 54. Rh4 Rc2 55. Kf3 Ra2 56. Rh8 Ra3+ 57. Kg2 Ra2+ 58. Kh3 Rb2
59. Rc8 Ra2 60. Rc5+ Kg6 61. g4 Rb2 62. Kg3 Ra2 63. Rc6+ Kg7 64. Rc3 Ra1 65. h4
Rg1+ 66. Kf4 Rf1+ 67. Kg5 Rf7 68. h5 Ra7 69. Rc5 Rb7 70. h6+ Kh7 71. Kh5 Ra7 72.
g5 Ra8 73. g6+ Kh8 74. Rf5 Rb8 75. Rf8+ Rxf8 76. g7+ Kg8 77. Kg6 Ra8 78. h7# 1-0

[Event "Sygnity Ekstraliga 2016"]
[Site "Gorzow Wlkp. - Wroclaw - Katowice"]
[Date "1899-12-30"]
[Round "7.6"]
[White "Zawadzka, Jolanta"]
[Black "Socko, Monika"]
[Result "1/2-1/2"]
[WhiteTitle "WGM"]
[BlackTitle "GM"]
[WhiteElo "2442"]
[BlackElo "2467"]

1. e4 e6 2. d4 d5 3. Nc3 Bb4 4. e5 Ne7 5. Bd2 Bxc3 6. Bxc3 b6 7. Bb5+ c6 8. Ba4
a5 9. a3 O-O 10. Bd2 Ba6 11. c3 Nd7 12. Ne2 Rc8 13. O-O Nf5 14. Re1 c5 15. Bc2
Bxe2 16. Qxe2 cxd4 17. Bxf5 exf5 18. e6 fxe6 19. Qxe6+ Rf7 20. Qxd5 Nc5 21. Qxd8+
Rxd8 22. Bg5 Rdd7 23. cxd4 Rxd4 24. Be3 Rd5 25. g3 Nd3 26. Re2 f4 27. Bxf4 Nxf4
28. gxf4 Rxf4 29. Rc1 h5 30. h3 Rf3 31. Kg2 Rb3 32. Rc7 Kh7 33. Rb7 Rf5 34. Rc2
Rd5 35. Re7 Rg5+ 36. Kh2 Kh6 37. Rd2 Rf5 38. Kg2 Kh7 39. Rc2 Rd5 40. Kh2 Rf5 41.
Kg2 Kh6 42. Rd2 Kh7 43. Rc2 Rd5 44. Kh2 1/2-1/2

[Event "Sygnity Ekstraliga 2016"]
[Site "Gorzow Wlkp. - Wroclaw - Katowice"]
[Date "1899-12-30"]
[Round "7.9"]
[White "Skawinski, Arkadiusz"]
[Black "Cyborowski, Lukasz"]
[Result "1/2-1/2"]
[WhiteTitle "FM"]
[BlackTitle "GM"]
[WhiteElo "2367"]
[BlackElo "2518"]

1. e4 c6 2. d4 d5 3. exd5 cxd5 4. c4 Nf6 5. Nc3 e6 6. Nf3 Be7 7. cxd5 Nxd5 8. Bc4
Nc6 9. O-O Nb6 10. Bb3 O-O 11. Ne4 Nd5 12. Re1 b6 13. a3 Ba6 14. Ne5 Rc8 15. Bxd5
Qxd5 16. Nc3 Qd8 17. Bf4 Bb7 18. Qg4 Nxe5 19. Bxe5 Bf6 20. Rad1 Rc4 21. Qe2 Rc8
22. Qg4 Rc4 23. Qe2 Rc8 24. Qg4 Qe7 25. Rd3 Rc4 26. b3 Rcc8 27. Rg3 Rfd8 28. h4
Bxe5 29. dxe5 g6 30. Nb5 Rd2 31. Nd6 Rcc2 32. Nxb7 Qxb7 33. Rf3 h5 34. Qf4 Qd7
35. a4 Rd4 36. Re4 Rcd2 37. Kh2 Rxe4 38. Qxe4 Rd4 39. Qa8+ Kg7 40. g3 Rd5 41.
Qb8 Rd1 42. Qa8 Re1 43. Rf4 Rxe5 44. Qf3 Rc5 45. b4 Rd5 46. Qc3+ e5 47. Re4 Qd6
48. Qe3 Rd3 49. Qe1 Rd1 50. Qc3 Rd4 51. Qe1 Rd5 52. Qc3 Qf6 53. Re2 Rd4 54. a5
Qd6 55. axb6 axb6 56. b5 Rd5 57. Qc6 Qxc6 58. bxc6 Rc5 59. c7 Rxc7 60. Rxe5 Rc2
61. Kg2 Rb2 62. Re7 b5 63. Rb7 Kf6 64. Kf3 b4 65. Ke3 b3 66. Rb6+ Kf5 67. Kf3
Rb1 68. Rb7 Ke6 69. Ke3 Rb2 70. Rb6+ Kd5 71. Rb7 Ke6 72. Rb6+ Kf5 73. Rb7 Kf6
74. Rb6+ Ke5 75. Rb5+ Kd6 76. Rb7 Rb1 77. Kf3 Ke6 78. Ke3 Kd6 79. Kf3 Kd5 80.
Rxf7 Rc1 81. Rb7 Rc3+ 82. Kf4 Kc6 83. Rb8 Kc7 1/2-1/2

[Event "Sygnity Ekstraliga 2016"]
[Site "Gorzow Wlkp. - Wroclaw - Katowice"]
[Date "1899-12-30"]
[Round "7.10"]
[White "Nurkiewicz, Maciej"]
[Black "Plichta, Kamil"]
[Result "1/2-1/2"]
[WhiteTitle "m"]
[BlackTitle "FM"]
[WhiteElo "2378"]
[BlackElo "2336"]

1. e4 d5 2. exd5 Nf6 3. Nf3 Bg4 4. d4 Qxd5 5. Nc3 Qf5 6. Bd3 Bxf3 7. Bxf5 Bxd1
8. Nxd1 e6 9. Bd3 Nc6 10. Bb5 O-O-O 11. c3 e5 12. Bxc6 bxc6 13. dxe5 Ng4 14. Bf4
Bc5 15. Ne3 Bxe3 16. fxe3 Rhe8 17. Ke2 Nxe5 18. Rad1 Rd6 19. Rd4 Rde6 20. Re4
f6 21. Rf1 Nd7 22. Rxe6 Rxe6 23. g4 c5 24. Kd3 Ra6 25. a3 c4+ 26. Kxc4 g5 27.
Bg3 Ra4+ 28. b4 Rxa3 29. Rf5 Ra6 30. Ra5 Rc6+ 31. Kd4 a6 32. c4 Re6 33. e4 Kb7
34. Kd5 Re7 35. c5 Ne5 36. Bxe5 c6+ 37. Kc4 fxe5 38. Ra3 Rd7 39. Rh3 a5 40. bxa5
Ka6 41. Rh5 Kxa5 42. Rxg5 Rd4+ 43. Kc3 Rxe4 44. Kd3 Rd4+ 45. Ke3 Kb5 46. h3 Kxc5
47. Rxe5+ Rd5 48. Re7 h5 49. Rg7 hxg4 50. hxg4 Kd6 51. g5 Ke5 1/2-1/2

[Event "Sygnity Ekstraliga 2016"]
[Site "Gorzow Wlkp. - Wroclaw - Katowice"]
[Date "1899-12-30"]
[Round "7.11"]
[White "Brodowski, Piotr"]
[Black "Protaziuk, Grzegorz"]
[Result "1-0"]
[WhiteTitle "m"]
[BlackTitle "m"]
[WhiteElo "2453"]
[BlackElo "2344"]

1. e4 c5 2. Nf3 Nc6 3. d4 cxd4 4. Nxd4 e5 5. Nb5 d6 6. c4 Be7 7. N1c3 a6 8. Na3
Be6 9. Be2 Bg5 10. Be3 Bxe3 11. fxe3 Nf6 12. O-O O-O 13. Qd2 Qa5 14. Rfd1 Rfd8
15. Rac1 Qc5 16. Bf3 Qa5 17. Qe2 Rac8 18. g4 Nb4 19. g5 Ne8 20. Qd2 Rc5 21. Be2
Rdc8 22. h4 Kf8 23. Kf2 R5c7 24. Kg3 Qc5 25. Nd5 Nxa2 26. b4 Nxb4 27. Nxb4 Qa5
28. Ra1 Qb6 29. Rdb1 Qc5 30. Rc1 f6 31. Rf1 Kg8 32. Nd5 Rf7 33. Qb4 Bxd5 34. Qxc5
Rxc5 35. cxd5 Rc3 36. Bg4 Rfc7 37. Kf3 fxg5 38. Be6+ Kf8 39. Ke2+ Ke7 40. hxg5
b5 41. Nxb5 axb5 42. Rf7+ Kd8 43. Ra8+ Rc8 44. Rd7# 1-0

[Event "Sygnity Ekstraliga 2016"]
[Site "Gorzow Wlkp. - Wroclaw - Katowice"]
[Date "1899-12-30"]
[Round "7.12"]
[White "Kulon, Klaudia"]
[Black "Bartel, Marta"]
[Result "1/2-1/2"]
[WhiteTitle "WGM"]
[BlackTitle "WGM"]
[WhiteElo "2304"]
[BlackElo "2270"]

1. e4 c5 2. Nf3 e6 3. d4 cxd4 4. Nxd4 Nc6 5. Nc3 Qc7 6. g3 a6 7. Bg2 h5 8. O-O
Nf6 9. Re1 Nxd4 10. Qxd4 Bc5 11. Bf4 d6 12. Qd2 Ng4 13. Re2 Bd7 14. b4 Bxb4 15.
Nd5 exd5 16. exd5+ Ne5 17. Qxb4 f6 18. Rb1 O-O 19. h3 Bb5 20. Ree1 Rac8 21. Be4
Bd7 22. Qxb7 Qxb7 23. Rxb7 Bxh3 24. Bxe5 fxe5 25. Rb6 Bf5 26. Bxf5 Rxf5 27. Re2
Rf6 28. Rxa6 Rc4 29. Rd2 Kf7 30. a4 g5 31. a5 Ra4 32. Ra8 Kg6 33. c3 Rf3 34. Ra6
Rf6 35. Rb2 h4 36. Kg2 Ra3 37. gxh4 gxh4 38. Rc2 Kf5 39. c4 Rg6+ 40. Kh2 Kf4 41.
c5 h3 42. f3 Kxf3 43. cxd6 Rg7 44. Ra8 Rd7 45. Rf8+ Ke4 46. Re2+ Kxd5 47. Rd2+
Ke4 48. Re8 Rxa5 49. Re7 Raa7 50. Re2+ Kd5 1/2-1/2

[Event "Sygnity Ekstraliga 2016"]
[Site "Gorzow Wlkp. - Wroclaw - Katowice"]
[Date "1899-12-30"]
[Round "7.13"]
[White "Kempinski, Robert"]
[Black "Kveinys, Aloyzas"]
[Result "1/2-1/2"]
[WhiteTitle "GM"]
[BlackTitle "GM"]
[WhiteElo "2615"]
[BlackElo "2541"]

1. d4 Nf6 2. c4 e6 3. Nf3 d5 4. Nc3 c5 5. cxd5 Nxd5 6. e3 Nc6 7. Bd3 Be7 8. O-O
O-O 9. Re1 b6 10. Nxd5 exd5 11. b3 Nb4 12. Bb1 Be6 13. Bb2 Rc8 14. h3 Bf6 15.
Qd2 Nc6 16. Rc1 cxd4 17. exd4 Qd6 18. Bd3 Nb4 19. Ba3 a5 20. Ng5 g6 21. Nxe6 fxe6
22. Bb5 Bg7 23. g3 e5 24. Rxc8 Rxc8 25. dxe5 Qxe5 26. Re1 Qf5 27. Bxb4 axb4 28.
Qd3 Qxd3 29. Bxd3 Kf7 30. Kg2 Re8 31. Rxe8 1/2-1/2

[Event "Sygnity Ekstraliga 2016"]
[Site "Gorzow Wlkp. - Wroclaw - Katowice"]
[Date "1899-12-30"]
[Round "7.14"]
[White "Dziuba, Marcin"]
[Black "Mista, Aleksander"]
[Result "1-0"]
[WhiteTitle "GM"]
[BlackTitle "GM"]
[WhiteElo "2566"]
[BlackElo "2593"]

1. d4 Nf6 2. c4 g6 3. Nc3 d5 4. Bf4 Bg7 5. e3 O-O 6. Rc1 Be6 7. c5 c6 8. h3 b6
9. b4 a5 10. Na4 b5 11. Nb6 Ra7 12. a4 Nfd7 13. bxa5 Rxa5 14. Qd2 Ra7 15. Nxd7
Bxd7 16. axb5 cxb5 17. Nf3 Bc6 18. Be2 Nd7 19. O-O Qa8 20. Rc2 Ra1 21. Rxa1 Qxa1+
22. Rc1 Qa4 23. Rb1 Rc8 24. Bg3 e5 25. Nxe5 Bxe5 26. Bxe5 Nxe5 27. dxe5 Rb8 28.
Qd4 b4 29. e6 b3 30. exf7+ Kxf7 31. Qe5 Re8 32. Qc3 Rb8 33. Bd1 Qe4 34. Qb2 Ba4
35. Bf3 Qc4 36. Qe5 Rd8 37. Bg4 Re8 38. Qa1 Rb8 39. Qe5 Re8 40. Qa1 Rb8 41. Kh2
Rb4 42. Qe5 Qe4 43. Be6+ Ke8 44. Qf6 Rb7 45. Rb2 h5 46. Rd2 Bc6 47. Rd4 Qc2 48.
Rf4 Qxc5 49. Qh8+ Ke7 50. Qf8+ Kxe6 51. Qxc5 1-0

[Event "Sygnity Ekstraliga 2016"]
[Site "Gorzow Wlkp. - Wroclaw - Katowice"]
[Date "1899-12-30"]
[Round "7.15"]
[White "Simacek, Pavel"]
[Black "Weichhold, Pawel"]
[Result "1/2-1/2"]
[WhiteTitle "IM"]
[BlackTitle "IM"]
[WhiteElo "2463"]
[BlackElo "2395"]

1. e4 c5 2. Nf3 Nc6 3. d4 cxd4 4. Nxd4 e5 5. Nb5 d6 6. N1c3 a6 7. Na3 b5 8. Nd5
Nge7 9. Ne3 g6 10. g3 Bg7 11. Bg2 O-O 12. O-O Bb7 13. c3 Kh8 14. Nac2 f5 15. exf5
gxf5 16. Nd5 Nxd5 17. Bxd5 Qc7 18. Bg5 f4 19. Qh5 Ne7 20. Bxb7 Qxb7 21. Rad1 fxg3
22. hxg3 Nf5 23. Rfe1 h6 24. Ne3 Kg8 25. Bh4 Nxe3 26. Rxe3 d5 27. Qg6 Kh8 28.
Red3 d4 29. cxd4 exd4 30. Rxd4 Bxd4 31. Qxh6+ Qh7 32. Qxh7+ Kxh7 33. Rxd4 Rac8
34. Rd7+ Kg6 35. Rd6+ Kf5 36. Rd2 Rc1+ 37. Kg2 Rfc8 38. Kf3 R1c2 39. Rd6 Ke5 40.
Rxa6 Rf8+ 41. Kg4 Rcxf2 42. Ra5 Rxb2 1/2-1/2

[Event "Sygnity Ekstraliga 2016"]
[Site "Gorzow Wlkp. - Wroclaw - Katowice"]
[Date "1899-12-30"]
[Round "7.16"]
[White "Jakubiec, Artur"]
[Black "Sieciechowicz, Marcin"]
[Result "1/2-1/2"]
[WhiteTitle "GM"]
[BlackTitle "IM"]
[WhiteElo "2515"]
[BlackElo "2437"]

1. Nf3 Nf6 2. c4 g6 3. Nc3 Bg7 4. e4 O-O 5. d4 c5 6. d5 d6 7. h3 e6 8. Bd3 exd5
9. exd5 Re8+ 10. Be3 Bh6 11. O-O Bxe3 12. fxe3 Qe7 13. Rf2 Nbd7 14. Qd2 a6 15.
e4 Kg7 16. Raf1 Rf8 17. Ne2 Ne8 18. Nf4 Ne5 19. Qc3 Kg8 20. Bc2 Nxf3+ 21. Rxf3
Ng7 22. Nd3 Bd7 23. Re1 b5 24. b3 b4 25. Qd2 a5 26. Qf2 a4 27. e5 Bf5 28. exd6
Qxd6 29. bxa4 Bxd3 30. Bxd3 Rxa4 31. Rf6 Qd8 32. Rf1 Nf5 33. Rxf5 gxf5 34. Qxf5
Qh4 35. Rf4 Qh6 36. Rg4+ Kh8 37. Qe5+ f6 38. Qe7 Raa8 39. Kh2 Rg8 40. Rxg8+ Rxg8
41. Be4 Qg7 42. Qe6 Qg3+ 43. Kh1 Qe5 44. Qf7 f5 45. Bf3 b3 46. axb3 Ra8 47. Bd1
Qd4 48. Kh2 Qe5+ 49. Kh1 Qd4 1/2-1/2

[Event "Sygnity Ekstraliga 2016"]
[Site "Gorzow Wlkp. - Wroclaw - Katowice"]
[Date "1899-12-30"]
[Round "7.17"]
[White "Zawadzki, Stanislaw"]
[Black "Pakleza, Zbigniew"]
[Result "1-0"]
[WhiteTitle "IM"]
[BlackTitle "GM"]
[WhiteElo "2431"]
[BlackElo "2506"]

1. d4 d5 2. c4 c6 3. Nf3 Nf6 4. Nc3 Qb6 5. e3 Bf5 6. Nh4 Bg4 7. f3 Bc8 8. g3 e6
9. Kf2 Be7 10. Be2 O-O 11. Qc2 Qd8 12. Rd1 dxc4 13. Bxc4 b5 14. Be2 Nbd7 15. e4
Bb7 16. Be3 Rc8 17. a3 a6 18. b4 Ne8 19. Ng2 Nd6 20. Bf4 Nb6 21. Ne3 Rc7 22. a4
Rd7 23. a5 Nbc4 24. Qb3 Nxe3 25. Bxe3 Qb8 26. Ra2 Rfd8 27. Rad2 Ba8 28. Bf4 Qa7
29. Be3 Qb8 30. Bf4 Qb7 31. Bxd6 Bxd6 32. f4 Bb8 33. Bf3 Ba7 34. Ke3 Qc7 35. e5
c5 36. bxc5 Bxf3 37. Kxf3 Bxc5 38. d5 exd5 39. Nxd5 Qc6 40. g4 Kf8 41. Kg3 Qe6
42. Qf3 g5 43. Rd3 Be3 44. Rxe3 Rxd5 45. f5 Qc6 46. f6 Ke8 47. Qe4 Qc5 48. Rde1
h5 49. Qh7 h4+ 50. Kh3 Kd7 51. e6+ Kc8 52. e7 Re8 53. Qxf7 Qc6 54. Qxe8+ 1-0

[Event "Sygnity Ekstraliga 2016"]
[Site "Gorzow Wlkp. - Wroclaw - Katowice"]
[Date "1899-12-30"]
[Round "7.18"]
[White "Jakubiec, Edyta"]
[Black "Szczepkowska-horowska, Karina"]
[Result "0-1"]
[WhiteTitle "WIM"]
[BlackTitle "WGM"]
[WhiteElo "2183"]
[BlackElo "2411"]

1. e4 e5 2. Nf3 Nc6 3. Bc4 Nf6 4. d3 Be7 5. O-O O-O 6. Bb3 d6 7. c3 Na5 8. Bc2
c5 9. a3 Nc6 10. b4 cxb4 11. axb4 a5 12. b5 Nb8 13. d4 Nbd7 14. Ba3 Re8 15. Re1
Nf8 16. Nbd2 Ng6 17. Nc4 Qc7 18. Bb3 Be6 19. b6 Qd8 20. dxe5 dxe5 21. Bxe7 Qxe7
22. Rxa5 Rxa5 23. Nxa5 Bg4 24. Nc4 Rd8 25. Qe2 Nf4 26. Qf1 Bxf3 27. gxf3 Nd7 28.
Rd1 Qg5+ 29. Kh1 Qh5 30. Ne3 Qxf3+ 31. Ng2 Nh3 32. Rd2 Nf8 33. Rxd8 Nxf2+ 0-1

[Event "Sygnity Ekstraliga 2016"]
[Site "Gorzow Wlkp. - Wroclaw - Katowice"]
[Date "1899-12-30"]
[Round "7.19"]
[White "Heberla, Bartlomiej"]
[Black "Tomczak, Jacek"]
[Result "1-0"]
[WhiteTitle "GM"]
[BlackTitle "GM"]
[WhiteElo "2541"]
[BlackElo "2588"]

1. e4 e6 2. d4 d5 3. Nc3 Nf6 4. e5 Nfd7 5. f4 c5 6. Nf3 Be7 7. Ne2 Nc6 8. c3 O-O
9. g3 cxd4 10. cxd4 f5 11. Bh3 b6 12. O-O Qe8 13. Rf2 Qh5 14. Bf1 Ba6 15. Qa4
Bb7 16. Be3 a6 17. h3 Rfc8 18. Qd1 Rc7 19. g4 Qf7 20. Rc1 Rac8 21. Rg2 b5 22.
Ng3 Kh8 23. gxf5 exf5 24. Bd3 g6 25. h4 Nb6 26. h5 Nc4 27. hxg6 hxg6 28. Nxf5
gxf5 29. Kf2 Bh4+ 30. Nxh4 N6xe5 31. Bxc4 dxc4 32. fxe5 Bxg2 33. Nxg2 Qg8 34.
Qh5+ Rh7 35. Qg5 Qf7 36. Bf4 Qe6 37. Ne3 Rf8 38. d5 Qb6 39. Rd1 Rg8 40. Qf6+ Qxf6
41. exf6 Rh4 42. Bg3 Rh3 43. Bd6 1-0